LEADER 01054nam 22003493 450 001 9910133002903321 005 19990308000000.0 010 $a88-420-5715-0 035 $a(CKB)3400000000017221 035 $a(ItFiC)it 02414598 035 $a(EXLCZ)993400000000017221 100 $a20101102d1999 uy 0 101 0 $aita 200 13$aLa questione della nazione repubblicana /$fFranco De Felice ; prefazione di Leonardo Paggi 210 $aRoma [etc.] $cGLF editori Laterza$d1999 215 $axxvi, 254 p. ;$d21 cm 225 0$aPercorsi ;$v2 300 $aCollected writings. 320 $aIncludes bibliographical references. 607 $aItaly$xPolitics and government$y1945-1976 607 $aItaly$xPolitics and government$y1976-1994 676 $a945 676 $a330 676 $a361 676 $a320 700 $aDe Felice$b Franco$f1937-1997.$0122348 801 0$bItFiC 801 1$bItFiC 906 $aBOOK 912 $a9910133002903321 996 $aQuestione della nazione repubblicana$9500136 997 $aUNINA LEADER 01753oam 22004934a 450 001 9910286432703321 005 20230621135859.0 010 $a607-564-030-4 010 $a968-12-0407-7 035 $a(CKB)4100000006673576 035 $a(OCoLC)1151269856 035 $a(MdBmJHUP)muse84777 035 $a(WaSeSS)IndRDA00124734 035 $a(oapen)https://directory.doabooks.org/handle/20.500.12854/89328 035 $a(oapen)doab89328 035 $a(EXLCZ)994100000006673576 100 $a19900821d1989 uy 0 101 0 $aspa 135 $aur|||||||nn|n 181 $ctxt$2rdacontent 182 $cc$2rdamedia 183 $acr$2rdacarrier 200 13$aLa industria del gas natural en México, 1970-1985$fMiguel H. Ma?rquez D. ; con la colaboracio?n de Sotero Prieto 205 $a1. ed. 210 $cEl Colegio de México$d1989 210 1$aMexico, D.F. :$cEl Colegio de Mexico, Programa de Energeticos,$d1989. 210 4$d©1989. 215 $a1 online resource (223 p.) : $cill. ; 320 $aIncludes bibliographical references (p. 219-223). 330 $aAnaliza detalladamente la aparición en México, alrededor de 1970, de una importante fuente energética hasta ese entonces considerada subproducto de la industria petrolera: el gas natural. 606 $aNatural gas$zMexico 606 $aGas industry$zMexico 608 $aElectronic books. 615 0$aNatural gas 615 0$aGas industry 676 $a338.27285 700 $aMa?rquez D$b Miguel H$01023136 701 $aPrieto$b Sotero$01023137 801 0$bMdBmJHUP 801 1$bMdBmJHUP 906 $aBOOK 912 $a9910286432703321 996 $aLa industria del gas natural en México, 1970-1985$92430593 997 $aUNINA LEADER 02485nam0 2200469 i 450 001 RAV2060600 005 20251003044332.0 010 $a9788868436292 020 $aIT$b2018-4651 100 $a20170621d2017 ||||0itac50 ba 101 | $aita 102 $ait 181 1$6z01$ai $bxxxe 182 1$6z01$an 183 1$6z01$anc$2RDAcarrier 200 1 $aCarlo Rosselli, socialista e liberale$ebilancio critico di un grande italiano$fGaetano Pecora 210 $aRoma$cDonzelli$d2017 215 $aXIV, 224 p.$d17 cm 225 | $aSaggine$v289 410 0$1001RAV0233095$12001 $aSaggine$v289 606 $aRosselli, Carlo$2FIR$3CFIC025330$9E 676 $a324.245074092$9PARTITI MODERNI ITALIANI. PARTITO SOCIALISTA ITALIANO. Persone$v20 676 $a335.5092$9$v21 676 $a335.5092$9SOCIALISMO DEMOCRATICO. Persone$v22 676 $a335.5092$9SOCIALISMO DEMOCRATICO. Persone$v23 686 $a114.3$cMARXISMO E REVISIONISMO DIBATTITO POLITICO-IDEOLOGICO 1918-1939$2R 686 $a118.1$cANTIFASCISMO ITALIANO FUORUSCITI 1918-1939$2R 686 $aIT/X42.5/GL$cPARTITI E MOVIMENTI POLITICI GIUSTIZIA E LIBERTA ITALIA$2R 686 $aIT/X42.5/PSI$cPARTITI E MOVIMENTI POLITICI ITALIA PARTITO SOCIALISTA ITALIANO$2R 686 $aX0.1/ROSSELLI,CARLO$cBIOGRAFIE E SCRITTI SU CARLO ROSSELLI$2R 700 1$aPecora$b, Gaetano$3CFIV069119$4070$0156291 801 3$aIT$bIT-000000$c20170621 850 $aIT-BN0095 $aIT-BN0090 $aIT-NA0070 901 $bNAP BU$c6 A $nPropedeutica. Formato cm. 1-20. Storia,Scienze suss. della storia.Metodologia. 901 $bNAP BS$cSAGGISTICA$n$ 901 $bNAP 01$cPOZZO LIB.$nVi sono collocati fondi di economia, periodici di ingegneria e scienze, periodici di economia e statistica e altri fondi comprendenti documenti di economia pervenuti in dono. 901 $bNAP 01$cBCA $nComprende monografie e periodici di diritto, testi di ingegneria, di scienze e tecnologia di nuova acquisizione. 912 $aRAV2060600 950 0$aBiblioteca Centralizzata di Ateneo$cv. 1$d 01POZZO LIB.ECON MON 3847$e 01S 0090042425E VMA 1 v.precedente collocazione EC 242$fB $h20171010$i20171010$d 01BCA SC. SOCIAL 574$e 01 0000077865 VMA A4 1 v.$fY $h20211118$i20211118 977 $a 01$a BS$a BU 996 $aCarlo Rosselli, socialista e liberale$91475014 997 $aUNISANNIO